Who Won in Week 2 NFL 2020? - Statistics

General Stats
  • This quiz has been taken 44 times
  • The average score is 15 of 16
Answer Stats
Question Answer % Correct
Carolina Panthers vs Tampa Bay Buccaneers (Christian McCaffrey's injury) Tampa Bay Buccaneers
100%
Baltimore Ravens vs Houston Texans Baltimore Ravens
97%
Buffalo Bills vs Miami Dolphins Buffalo Bills
97%
Atlanta Falcons vs Dallas Cowboys (The Last-Second Field Goal) Dallas Cowboys
97%
Detroit Lions vs Green Bay Packers Green Bay Packers
97%
Los Angeles Rams vs Philadelphia Eagles Los Angeles Rams
97%
Chicago Bears vs. New York Giants Chicago Bears
94%
Thursday Night Football: Cincinnati Bengals vs. Cleveland Browns Cleveland Browns
94%
Kansas City Chiefs vs Los Angeles Chargers (Real close game) Kansas City Chiefs
94%
Denver Broncos vs Pittsburgh Steelers Pittsburgh Steelers
94%
New York Jets vs San Francisco 49ers (Where's Kittle, oh right he's injured) San Francisco 49ers
94%
New England Patriots vs Seattle Seahawks Seattle Seahawks
94%
Jacksonville Jaguars vs Tennessee Titans Tennessee Titans
94%
Arizona Cardinals vs Washington Football Team Arizona Cardinals
91%
Indianapolis Colts vs Minnesota Vikings Indianapolis Colts
85%
Las Vegas Raiders vs New Orleans Saints Las Vegas Raiders
74%
No matching quizzes found
Score Distribution
Percent of People with Each Score
Percentile by Number Answered
Your Score History
You have not taken this quiz